Azadi Kashmir / (Record no. 525717)
[ view plain ]
| 000 -LEADER | |
|---|---|
| fixed length control field | 00469nam a22001817a 4500 |
| 003 - CONTROL NUMBER IDENTIFIER | |
| control field | NUST |
| 005 - DATE AND TIME OF LATEST TRANSACTION | |
| control field | 20190704054627.0 |
| 038 ## - RECORD CONTENT LICENSOR | |
| Staff Name | Faiza |
| 082 ## - DEWEY DECIMAL CLASSIFICATION NUMBER | |
| Classification number | 954.6 |
| Author Mark | PAR |
| 100 ## - MAIN ENTRY--PERSONAL NAME | |
| Personal name | Parvaz, Iltaf |
| 9 (RLIN) | 16657 |
| 245 ## - TITLE STATEMENT | |
| Title | Azadi Kashmir / |
| Statement of responsibility, etc. | Iltaf Parvaz |
| 260 ## - PUBLICATION, DISTRIBUTION, ETC. | |
| Place of publication, distribution, etc. | Rawalpindi: |
| Name of publisher, distributor, etc. | Zamindar book depot, |
| Date of publication, distribution, etc. | 1982. |
| 300 ## - PHYSICAL DESCRIPTION | |
| Extent | 304p. ; |
| 500 ## - GENERAL NOTE | |
| General note | Hard Cover |
| 880 ## - ALTERNATE GRAPHIC REPRESENTATION | |
| Linkage | 100-01\r |
| Title | الطاف پرواز |
| 880 ## - ALTERNATE GRAPHIC REPRESENTATION | |
| Linkage | 245-02\r |
| Title | /آزادیِّ کشمیر |
| 942 ## - ADDED ENTRY ELEMENTS (KOHA) | |
| Source of classification or shelving scheme | |
| Koha item type | Book |
| Withdrawn status | Lost status | Source of classification or shelving scheme | Damaged status | Not for loan | Permanent Location | Current Location | Date acquired | Total Checkouts | Full call number | Barcode | Date last seen | Price effective from | Koha item type |
|---|---|---|---|---|---|---|---|---|---|---|---|---|---|
| Central Library (CL) | Central Library (CL) | 07/04/2019 | 954.6 PAR | CL-E-193 | 07/04/2019 | 07/04/2019 | Book |
